000 00649nam a2200145 a 4500
008 101008s2005 ||||||||||||||||| || u
050 _aGOV.ZAM(02)2005/16
110 _aGovernment of the Republic of Zambia. Ministry of Education
245 1 0 _aPrinciples of Education Boards governance and management: manual
260 _aLusaka
_bZambia. Ministry of Education (MOE)
_c2005
300 _axiv, 90p. ;ill.
350 _a0.00
650 _aSCHOOL BOARDS--HANDBOOKS, MANUALS, ETC.--ZAMBIA
995 _D0.00
_FCBU-MAIN LIBRARY (Kitwe)
_H1
_I0.00
_M1
_UAVAILABLE
_WOct 18, 2010
_ZZambiana Collection
999 _c54554
_d54554